| 000 | 00764nam a2200217 a 4500 | ||
|---|---|---|---|
| 005 | 20221101063533.0 | ||
| 008 | 081110s1981 mx r 000 0 spa d | ||
| 020 | _a9231018434 | ||
| 035 | _aUPN01000167877 | ||
| 049 | _aUNE | ||
| 080 | _a301.17 =20 "1981" SCH. | ||
| 100 | 1 | _aSchaffer, Bernard | |
| 245 | 1 | 0 |
_aCan equity be organized? : _bEquity, development analysis and planning / _cBernard Schaffer; Geoff Lamb. |
| 260 |
_aParis : _bUNESCO, _aEngland, _bGower, _c1981. |
||
| 300 | _a166 p. | ||
| 690 |
_aPolĂtica social _91450 |
||
| 690 |
_aJusticia social _915413 |
||
| 700 | 1 | _aLamb, Geoff, coaut | |
| 711 | 2 | _aMeeting of Experts on the Application of the criterion of Equity to Development Analysis and Planning, 1978: Brighton, UK | |
| 905 | _aUNESCO | ||
| 999 |
_c139988 _d139988 |
||